Loading...
| Literature - World | 0 | 9 | 0 | 0 | 90 | 38 | 70.56 | 4 | 8 | 0.00 | 0.00 |
| Science - Physics | 0 | 8 | 1 | 2 | 75 | 31 | 82.88 | 1 | 5 | 0.00 | 0.00 |
| Fine Arts - Painting and Sculpture | 0 | 7 | 0 | 0 | 70 | 39 | 74.86 | 2 | 6 | 0.00 | 0.00 |
| Philosophy | 0 | 7 | 0 | 0 | 70 | 67 | 92.43 | 1 | 5 | 0.00 | 0.00 |
| Science - Chemistry | 0 | 7 | 2 | 1 | 60 | 35 | 79.71 | 2 | 5 | 0.00 | 0.00 |
| Mythology | 0 | 6 | 0 | 0 | 60 | 55 | 75.00 | 0 | 5 | 0.00 | 0.00 |
| Religion | 0 | 5 | 0 | 1 | 50 | 76 | 96.40 | 2 | 4 | 0.00 | 0.00 |
| Science - Biology | 0 | 5 | 0 | 1 | 50 | 62 | 91.40 | 0 | 1 | 0.00 | 0.00 |
| Fine Arts - Classical Music | 0 | 5 | 2 | 0 | 40 | 47 | 96.20 | 1 | 2 | 0.00 | 0.00 |
| Fine Arts - Other | 0 | 5 | 2 | 0 | 40 | 92 | 108.00 | 1 | 3 | 0.00 | 0.00 |
| Literature - European | 0 | 5 | 2 | 0 | 40 | 52 | 88.20 | 1 | 4 | 0.00 | 0.00 |
| Literature - American | 0 | 4 | 1 | 0 | 35 | 78 | 91.75 | 1 | 3 | 0.00 | 0.00 |
| Science - Other | 0 | 4 | 2 | 1 | 30 | 85 | 112.75 | 0 | 2 | 0.00 | 0.00 |
| Literature - British | 0 | 4 | 4 | 0 | 20 | 29 | 47.75 | 1 | 3 | 0.00 | 0.00 |
| Social Science | 0 | 2 | 0 | 0 | 20 | 78 | 94.00 | 0 | 1 | 0.00 | 0.00 |
| History - World | 0 | 2 | 1 | 2 | 15 | 27 | 72.50 | 0 | 1 | 0.00 | 0.00 |
| History - Other | 0 | 2 | 2 | 0 | 10 | 40 | 65.50 | 0 | 2 | 0.00 | 0.00 |
| History - European | 0 | 1 | 0 | 0 | 10 | 75 | 75.00 | 0 | 1 | 0.00 | 0.00 |
| Popular Culture | 0 | 1 | 0 | 0 | 10 | 31 | 31.00 | 0 | 1 | 0.00 | 0.00 |
| History - American | 0 | 1 | 0 | 0 | 10 | 103 | 103.00 | 0 | 0 | 0.00 | 0.00 |